Palm Springs 2020 / directed by Max Barbakow ; story by Max Barbakow, Andy Siara ; produced by Andy Samberg [and four others]. (Record no. 20799)

000 -LEADER
fixed length control field 00915nam a2200229 4500
008 - FIXED-LENGTH DATA ELEMENTS--GENERAL INFORMATION
fixed length control field 250527b xxu||||| |||| 00| 0 eng d
040 ## - CATALOGING SOURCE
Original cataloging agency Cagayan State University
Description conventions RDA
082 ## - DEWEY DECIMAL CLASSIFICATION NUMBER
Classification number 791.4372
Item number P171 2020
245 ## - TITLE STATEMENT
Title Palm Springs 2020 / directed by Max Barbakow ; story by Max Barbakow, Andy Siara ; produced by Andy Samberg [and four others].
260 ## - PUBLICATION, DISTRIBUTION, ETC. (IMPRINT)
Place of publication, distribution, etc United States ;
Name of publisher, distributor, etc Hulu,
-- Neon,
Date of publication, distribution, etc 2020.
300 ## - PHYSICAL DESCRIPTION
Extent 1 videofile (ca. 90 mins.) :
Other physical details sound, color.
520 ## - SUMMARY, ETC.
Summary, etc Stuck in a time loop, two wedding guests develop a budding romance while living the same day over and over again.
650 ## - SUBJECT ADDED ENTRY--TOPICAL TERM
Topical term or geographic name as entry element Science fiction.
650 ## - SUBJECT ADDED ENTRY--TOPICAL TERM
Topical term or geographic name as entry element Romanttic comedy.
700 ## - ADDED ENTRY--PERSONAL NAME
Personal name Samberg, Andy, star.
700 ## - ADDED ENTRY--PERSONAL NAME
Personal name Milioti, Cristin, star.
700 ## - ADDED ENTRY--PERSONAL NAME
Personal name Simmons, J. K., star.
700 ## - ADDED ENTRY--PERSONAL NAME
Personal name Tran, Quyen, cinemotographer.
700 ## - ADDED ENTRY--PERSONAL NAME
Personal name Friedman, Matthew, editor.
700 ## - ADDED ENTRY--PERSONAL NAME
Personal name Dickler, Andrew, editor.
942 ## - ADDED ENTRY ELEMENTS (KOHA)
Source of classification or shelving scheme
Item type Audio-Visual Materials
Holdings
Source of acquisition Price effective from Permanent location Date last seen Not for loan Date acquired Source of classification or shelving scheme Koha item type Collection code Shelving location Damaged status Lost status Withdrawn status Current location Full call number
Donation2025-05-27Cagayan State University - Carig Library2025-05-27 2025-05-27 Audio-Visual MaterialsElectronic Media CenterElectronic Media Center   Cagayan State University - Carig Library791.4372 P171 2020

Cagayan State University University Library, Carig Campus
Tuguegarao City, Cagayan 3500 | www.csucarig.edu.ph

Powered by Koha